LEADER 00685nam1 22002411 450 001 000001720 005 20050630115500.0 100 $a--------d1959----km-y0itay50------ba 101 $aita 102 $aIT 200 1 $aMeccanica razionale$fBruno Finzi 205 $a3. ed. 210 $aBologna$cZanichelli$d1959 215 $a2 v.$cill.$d25 cm 463 \1$1001000001721$12001 $aTeorie introduttive, cinematica, statica 463 \1$1001000001722$12001 $aDinamica 610 1 $aMeccanica razionale 676 $a531.1 700 1$aFinzi,$bBruno$0770 801 0$aIT $bUNIPARTHENOPE $gRICA $2UNIMARC 912 $a000001720 996 $aMeccanica razionale$981477 997 $aUNIPARTHENOPE LEADER 04008 am 2200793 n 450 001 9910324031403321 005 20181207 010 $a2-8028-0436-7 024 7 $a10.4000/books.pusl.3866 035 $a(CKB)4100000008283949 035 $a(FrMaCLE)OB-pusl-3866 035 $a(oapen)https://directory.doabooks.org/handle/20.500.12854/45475 035 $a(PPN)236710850 035 $a(EXLCZ)994100000008283949 100 $a20190528j|||||||| ||| 0 101 0 $afre 135 $auu||||||m|||| 181 $ctxt$2rdacontent 182 $cc$2rdamedia 183 $acr$2rdacarrier 200 10$aDroit et Justice en Afrique coloniale $eTraditions, productions et réformes /$fBérangère Piret, Charlotte Braillon, Laurence Montel, Pierre-Luc Plasman 210 $aBruxelles $cPresses de l?Université Saint-Louis$d2018 215 $a1 online resource (214 p.) 311 $a2-8028-0216-X 330 $aLongtemps restés confidentiels, les domaines de l'histoire du droit et de la justice coloniale connaissent aujourd'hui une activité importante. Celle-ci est portée par l'effet conjoint de l'attention nouvelle qu'y portent les historiens du droit, du renouvellement des études africaines et coloniales francophones et de la visibilité récente que leur a apporté le cinquantenaire des indépendances africaines. Les historiens africanistes et les historiens du droit s'interrogent de concert sur les modes de production et de transformation du droit colonial et de la justice coloniale. Ces réalités les renvoient à la plasticité du droit, de l'administration comme des pratiques judiciaires dans le cadre de la rencontre coloniale où des intérêts gouvernementaux font face à des contraintes culturelles et territoriales locales inédites (coutumes, populations locales en résistance, difficile maîtrise du territoire, etc.). Les huit contributions de cet ouvrage interrogent les modes de production et d'évolution du droit et de la justice. Dans quelle mesure crée-t-on du neuf ? Recycle-t-on, adapte-t-on l'ancien, les héritages de métropole ? Par ailleurs, on peut observer le processus de création à l'?uvre, et s'interroger sur les contextes propices aux transformations juridiques et judiciaires, ainsi que sur les modes de création en eux-mêmes ; dans quelle mesure le fait colonial est-il un facteur d'innovation juridique, administrative et judiciaire ? Ces questions seront abordées dans une perspective attentive à la multiplicité des expériences et des modes de colonisation. 606 $aHistory 606 $aLaw 606 $ahistoire du droit 606 $ajustice 606 $ajustice sociale 606 $agouvernement 606 $ainnovation 606 $acolonisation 606 $aAfrique 610 $ainnovation 610 $ajustice sociale 610 $acolonisation 610 $agouvernement 610 $ajustice 610 $ahistoire du droit 610 $aAfrique 615 4$aHistory 615 4$aLaw 615 4$ahistoire du droit 615 4$ajustice 615 4$ajustice sociale 615 4$agouvernement 615 4$ainnovation 615 4$acolonisation 615 4$aAfrique 700 $aBraillon$b Charlotte$01290388 701 $aBrunet-La Ruche$b Bénédicte$01290389 701 $aLauro$b Amandine$01290390 701 $aManière$b Laurent$01290391 701 $aMontel$b Laurence$01290392 701 $aPiret$b Bérengère$01290393 701 $aPlasman$b Pierre-Luc$01087332 701 $aRenucci$b Florence$01284223 701 $aRousseaux$b Xavier$0900607 701 $aTousignant$b Nathalie$01238945 701 $aPiret$b Bérangère$01290394 701 $aBraillon$b Charlotte$01290388 701 $aMontel$b Laurence$01290392 701 $aPlasman$b Pierre-Luc$01087332 801 0$bFR-FrMaCLE 906 $aBOOK 912 $a9910324031403321 996 $aDroit et Justice en Afrique coloniale$93021487 997 $aUNINA LEADER 01436nam0 22003371i 450 001 UON00351376 005 20231205104342.927 100 $a20100127d1971 |0itac50 ba 101 $ager 102 $aDE 105 $a|||| 1|||| 200 1 $aBriefwechsel$fMaxim Gorki, Stefan Zweig$gHrsg. von Kurt Böttcher$gAus dem Russ. übers. vom Irmgard Neugebauer$gAus dem Franz. übers. von Helga Hasselbach 210 $aLeipzig$cReclam jun.$d1971 215 $a109 p.$d17 cm. 410 1$1001UON00172828$12001 $aReclams Universal-Bibliothek$1210 $aLeipzig$cP. Reclam$v456 620 $aDE$dLeipzig$3UONL003218 676 $a833$cLetteratura narrativa tedesca$v21 700 1$aGOR'KIJ$bMaksim$3UONV184273$0169805 702 1$aBÖTTCHER$bKurt$3UONV136259 702 1$aHASSELBACH$bHelga$3UONV195556 702 1$aNEUGEBAUER$bIrmgard$3UONV195557 712 $aReclam$3UONV260734$4650 790 1$aGOR'KIJ, Aleksej M.$zGOR'KIJ, Maksim$3UONV109346 790 1$aGORKIJ, Maksim$zGOR'KIJ, Maksim$3UONV198839 790 1$aPE?KOV, Aleksej Maksimovi?$zGOR'KIJ, Maksim$3UONV225514 801 $aIT$bSOL$c20240220$gRICA 899 $aSIBA - SISTEMA BIBLIOTECARIO DI ATENEO$2UONSI 912 $aUON00351376 950 $aSIBA - SISTEMA BIBLIOTECARIO DI ATENEO$dSI TED 1 U.B GOR $eSI ST 6723 7 996 $aBriefwechsel$91355990 997 $aUNIOR LEADER 07403nam 22006855 450 001 9910799280603321 005 20250628110035.0 010 $a3-031-46688-8 024 7 $a10.1007/978-3-031-46688-5 035 $a(CKB)29526807700041 035 $a(MiAaPQ)EBC31063557 035 $a(Au-PeEL)EBL31063557 035 $a(DE-He213)978-3-031-46688-5 035 $a(OCoLC)1417157952 035 $a(ODN)ODN0010641367 035 $a(EXLCZ)9929526807700041 100 $a20240104d2024 u| 0 101 0 $aeng 135 $aur||||||||||| 181 $ctxt$2rdacontent 182 $cc$2rdamedia 183 $acr$2rdacarrier 200 10$aSustainable Structures and Buildings /$fedited by Alireza Bahrami 205 $a1st ed. 2024. 210 $d2024 210 1$aCham :$cSpringer International Publishing :$cImprint: Springer,$d2024. 215 $a1 online resource (126 pages) 311 08$a9783031466878 327 $aIntro -- Preface -- Acknowledgements -- Contents -- Chapter 1: Sustainable Development of Recent High-Rise Timber Buildings -- 1.1 Introduction -- 1.2 Recent High-Rise Timber Buildings -- 1.3 GHGs -- 1.4 Assessment Criteria -- 1.5 Construction Cost -- 1.6 Fire Safety -- 1.7 Building Height -- 1.8 Conclusions -- References -- Chapter 2: Ultralight Membrane Structures Toward a Sustainable Environment -- 2.1 Introduction -- 2.2 Engineering Design of Ultralightweight Membrane Structures -- 2.2.1 Structural and Material Efficiency Through Tensile State -- 2.2.2 Boundary-Tensioned Membrane Structures -- 2.2.3 Pneumatic Membrane Structures -- 2.2.4 Structural Design Optimization Challenges and Opportunities -- 2.3 Membrane Materials -- 2.3.1 Fabrics and Foils -- 2.3.2 Thermomechanical Response of Structural Membranes -- 2.3.3 Constitutive Modeling Challenges and Opportunities -- 2.4 Sustainability of Membrane Structures -- 2.4.1 Embodied Energy and Material Consumption -- 2.4.2 Recyclability -- 2.4.3 Thermal Properties Challenges and Opportunities -- 2.5 Conclusions -- References -- Chapter 3: Development of Sustainable Concrete Using Treated Bamboo Reinforcement -- 3.1 Introduction -- 3.2 Possibility and Potential for Bamboo -- 3.3 Methodology -- 3.4 Results of Tested Bamboo-Reinforced Concrete Beams -- 3.4.1 Results of Pullout Tests -- 3.4.2 Load-Deflection Behavior of Bamboo-Reinforced Concrete Beams -- 3.4.3 Ductility, Stiffness, and Energy Absorption of Bamboo-Reinforced Concrete Beams -- 3.5 Conclusions -- References -- Chapter 4: Implementation of Circular Economy Between Mining and Construction Sectors: A Promising Route to Achieve Sustainable Development Goals -- 4.1 Introduction -- 4.2 Mine Waste Management and Environmental Issues -- 4.2.1 Mining Industry and Waste Generation -- 4.2.2 Environmental Risks Related to Mine Waste. 327 $a4.3 Valorization of Mine Waste for Construction Applications -- 4.3.1 Recycling of Mining Solid Waste for Construction Materials -- 4.3.2 CE Concept Implementation in Mining Sector -- 4.3.3 Technical Advances and Future Perspectives -- 4.4 Conclusions -- References -- Chapter 5: Sustainable Geopolymer Bricks Manufacturing Using Rice Husk Ash: An Alternative to Fired Clay Bricks -- 5.1 Introduction -- 5.2 Methodology -- 5.3 Results and Discussion -- 5.3.1 Bulk Density and Strength Behavior of Geopolymer Bricks -- 5.3.2 Water Absorption Capacity of Geopolymer Bricks -- 5.3.3 Micro-Structural Behavior of Geopolymer Bricks -- 5.3.4 Sustainability Aspects of Geopolymer Bricks -- 5.4 Conclusions -- References -- Chapter 6: Façade Fires in High-Rise Buildings: Challenges and Artificial Intelligence Solutions -- 6.1 Introduction -- 6.2 Fire Growth: From Internal (Enclosure) Fires to External Spread -- 6.3 Façade Systems and Types -- 6.4 Design Fire Scenarios for Façades - Internal and External Fires -- 6.4.1 Internal Fires -- 6.4.2 External Fires -- 6.5 Vertical Fire Propagation Mechanism over Façades -- 6.6 Dynamics of Cavity Fires -- 6.7 Façade Materials - Fire Safety and Toxicity -- 6.8 Artificial Intelligence/Deep Learning Framework for Early Warning and Fire Risk Assessment -- 6.9 Concluding Remarks -- References -- Chapter 7: Experimental Study on Self-Healing of Micro-Cracks in Concrete with Combination of Environmentally Friendly Bacteria -- 7.1 Introduction -- 7.2 Materials -- 7.2.1 Cement, Aggregates, and Water -- 7.2.2 Selection of Bacteria -- 7.2.3 Preparation of Bacterial Solution -- 7.2.4 Preparation of Bacterial Concrete -- 7.2.4.1 Mix Design -- 7.2.4.2 Mixing -- 7.2.4.3 Casting -- 7.3 Experimental Investigation -- 7.4 Results and Discussion -- 7.4.1 Slump Value -- 7.4.2 Compressive Strength -- 7.4.3 Splitting Tensile Strength. 327 $a7.4.4 Flexural Strength -- 7.4.5 Self-Healing Characteristics of Combined Bacterial Concrete -- 7.5 Conclusions -- References -- Chapter 8: Urban Drainage Infrastructures Toward a Sustainable Future -- 8.1 Introduction -- 8.2 Climate Change, Population Growth, and Urbanization -- 8.3 SDGs and UDIs -- 8.4 Climate Change and Urbanization Impacts on UDIs -- 8.5 Performance Improvement of UDIs -- 8.6 Conclusions -- References -- Index. 330 $aThis open access book includes detail on various structures, buildings, and building materials from different structural and sustainability perspectives. It describes how the building and construction industry is vital for the achievement of the sustainable development goals. The aim of this collection is to foster the design and construction of sustainable structures, buildings, and building materials to reduce their environmental impact and connect with the environment. Presenting the knowledge, trends, and developments from a group of contributors in the field working with different kinds of structures, structural components, buildings, and building materials, the book is ideal for practitioners working in commercial settings, as well as engineering students and researchers concerned with sustainability issues. Explains sustainability in the context of structures, buildings, and building materials Demonstrates performance of structures, buildings, and building materials Illustrates trends towards Sustainable Development Goals This book is open access, which means that you have free and unlimited access. 606 $aSustainable architecture 606 $aBuildings$xDesign and construction 606 $aBuilding materials 606 $aSustainability 606 $aSustainable Architecture/Green Buildings 606 $aBuilding Construction and Design 606 $aStructural Materials 606 $aSustainability 615 0$aSustainable architecture. 615 0$aBuildings$xDesign and construction. 615 0$aBuilding materials. 615 0$aSustainability. 615 14$aSustainable Architecture/Green Buildings. 615 24$aBuilding Construction and Design. 615 24$aStructural Materials. 615 24$aSustainability. 676 $a720.47 676 $a696 686 $aARC018000$aSCI026000$aTEC005050$aTEC021000$2bisacsh 700 $aBahrami$b Alireza$01827546 702 $aBahrami$b Alireza 801 0$bMiAaPQ 801 1$bMiAaPQ 801 2$bMiAaPQ 906 $aBOOK 912 $a9910799280603321 996 $aSustainable Structures and Buildings$94401345 997 $aUNINA